Wszyscy mistrzowie świata oraz zwycięzcy Igrzysk Olimpijskich w PN - Statystyki

Ogólne statystyki
  • Ten quiz został rozwiązany 62 razy
    15 od ostatniego zresetowania
  • Średni wynik to 28 z 29
Statystyki odpowiedzi
Rok Wygrany Organizator % Poprawnych
1900 Anglia Francja
100%
1908 Anglia Wielka Brytania
100%
1912 Anglia Szwecja
100%
1966 Anglia Anglia
100%
1978 Argentyna Argentyna
100%
1986 Argentyna Meksyk
100%
2022 Argentyna Katar
100%
1958 Brazylia Szwecja
100%
1962 Brazylia Chile
100%
1970 Brazylia Meksyk
100%
1994 Brazylia USA
100%
2002 Brazylia Japonia i Korea Płd.
100%
1998 Francja Francja
100%
2018 Francja Rosja
100%
1954 Niemcy Szwajcaria
100%
1974 Niemcy RFN
100%
1990 Niemcy Włochy
100%
2014 Niemcy Brazylia
100%
1924 Urugwaj Francja
100%
1928 Urugwaj Holandia
100%
1930 Urugwaj Urugwaj
100%
1950 Urugwaj Brazylia
100%
1934 Włochy Włochy
100%
1938 Włochy Francja
100%
1982 Włochy Hiszpania
100%
2006 Włochy Niemcy
100%
2010 Hiszpania RPA
91%
1920 Belgia Belgia
73%
1904 Kanada USA
36%
Nie znaleziono quizów pasujących do podanych kryteriów
Rozkład punktacji
Procent ludzi z każdym wynikiem
Percentyl według liczby udzielonych odpowiedzi
Twoja historia wyników
Nie rozwiązałeś tego quizu od ostatniego zresetowania